| 000 | 00000nam 2200000zi 4500 |
| 001 | 9.949604 |
| 003 | CaOODSP |
| 005 | 20250417082710 |
| 006 | m o d f |
| 007 | cr mn||||||||| |
| 008 | 250328s2025 onc obs f000 0 fre d |
| 020 | |a9780660767109 |
| 040 | |aCaOODSP|bfre|erda|cCaOODSP |
| 043 | |an-cn--- |
| 086 | 1 |aPS83-3/484F-PDF |
| 245 | 00|aMaladies infectieuses, comportements à risque et réduction des méfaits dans les établissements pour hommes : |brésultats du Sondage 2022 sur la santé. |
| 264 | 1|aOttawa (Ontario) : |bService correctionnel du Canada = Correctional Service Canada, |c2025. |
| 300 | |a1 ressource en ligne (vii, 120 pages). |
| 336 | |atexte|btxt|2rdacontent/fre |
| 337 | |ainformatique|bc|2rdamedia/fre |
| 338 | |aressource en ligne|bcr|2rdacarrier/fre |
| 490 | 1 |aRapport de recherche ; |vn° R-484 |
| 500 | |aPublié aussi en anglais sous le titre : Infectious diseases, risk behaviours, and harm reduction in men's institutions : findings from the 2022 National Health Survey. |
| 504 | |aComprend des références bibliographiques (pages 62-66). |
| 650 | 6|aPrisonniers masculins|xMaladies|zCanada|vStatistiques. |
| 650 | 6|aPrisonniers masculins|xServices|zCanada|vStatistiques. |
| 655 | 7|aStatistiques|2rvmgf |
| 710 | 2 |aService correctionnel Canada, |eorganisme de publication. |
| 775 | 08|tInfectious diseases, risk behaviours, and harm reduction in men's institutions : |w(CaOODSP)9.949603 |
| 830 | #0|aRapport de recherche (Service correctionnel Canada. Direction de la recherche)|vn° R-484.|w(CaOODSP)9.502465 |
| 856 | 40|qPDF|s1.73 Mo|uhttps://publications.gc.ca/collections/collection_2025/scc-csc/PS83-3-484-fra.pdf |